000
00350nam a2200133 a 4500
005
20140414131855.0
008
100901s19uu xx 00 eng d
050
_a
FIL
_b
L11 2006
100
_a
Lee, Marcy Dans
245
_a
La-on and the seven-headed dragon.
260
_a
Manila, Philippines :
_b
Adarna,
_c
2006.
999
_c
110436
_d
110436